[Event "Bundesliga 9596"]
[Site "Deutschland"]
[Date "1996.??.??"]
[Round "?.3"]
[White "Siegel, Georg"]
[Black "Beckemeier, Werner"]
[Result "1-0"]
[WhiteElo "2455"]
[BlackElo "2375"]
[PlyCount "99"]
[EventDate "1995.10.??"]
[EventType "team"]
[EventRounds "15"]
[EventCountry "GER"]
[SourceTitle "Bundesliga 9596"]
[Source "DeepChess"]
[SourceDate "2005.01.01"]
[SourceVersion "1"]
[SourceVersionDate "2005.01.01"]
[SourceQuality "1"]
[WhiteTeam "SK Zaehringen 1921"]
[BlackTeam "Delmenhorster SK 1931"]
[WhiteTeamCountry "GER"]
[BlackTeamCountry "GER"]

1. d4 Nf6 2. c4 e6 3. Nf3 c5 4. d5 b5 5. dxe6 fxe6 6. cxb5 Bb7 7. g3 Be7 8. Bg2
O-O 9. O-O a6 10. bxa6 Rxa6 11. Nbd2 Nc6 12. b3 Qa8 13. a3 Nd4 14. Bb2 Ng4 15.
Bh3 h5 16. Nxd4 cxd4 17. Bxd4 Bxa3 18. Nc4 Be7 19. Ne5 Rxa1 20. Qxa1 Qxa1 21.
Bxa1 Nxe5 22. Bxe5 Bd5 23. Rb1 Bc5 24. e3 d6 25. Bc3 Rb8 26. b4 Kf7 27. Bg2
Bxg2 28. Kxg2 d5 29. b5 Bd6 30. f4 Bc5 31. Kf3 g6 32. Be5 Rb7 33. Ke2 Bb6 34.
Kd3 Ke7 35. Bd4 Bd8 36. b6 Kd7 37. Ra1 Kc6 38. Ra8 Kd7 39. Ra6 Kc6 40. Ra2 Kd7
41. h3 Kc6 42. g4 hxg4 43. hxg4 Kd6 44. g5 Kc6 45. Rh2 e5 46. fxe5 Bxg5 47. Rg2
Bd8 48. Rxg6+ Kb5 49. Rd6 Bxb6 50. Rxb6+ 1-0

[Event "Bundesliga 9596"]
[Site "Deutschland"]
[Date "1996.??.??"]
[Round "?.4"]
[White "Reefschlaeger, Helmut"]
[Black "Mohr, Stefan"]
[Result "1/2-1/2"]
[WhiteElo "2350"]
[BlackElo "2440"]
[PlyCount "23"]
[EventDate "1995.10.??"]
[EventType "team"]
[EventRounds "15"]
[EventCountry "GER"]
[SourceTitle "Bundesliga 9596"]
[Source "DeepChess"]
[SourceDate "2005.01.01"]
[SourceVersion "1"]
[SourceVersionDate "2005.01.01"]
[SourceQuality "1"]
[WhiteTeam "Delmenhorster SK 1931"]
[BlackTeam "SK Zaehringen 1921"]
[WhiteTeamCountry "GER"]
[BlackTeamCountry "GER"]

1. d4 d6 2. g3 g6 3. Bg2 Bg7 4. Nf3 Nd7 5. O-O e5 6. dxe5 dxe5 7. Nc3 Ngf6 8.
b3 O-O 9. Ba3 Re8 10. Nd2 Bf8 11. Bxf8 Rxf8 12. Nc4 1/2-1/2

[Event "Bundesliga 9596"]
[Site "Deutschland"]
[Date "1996.??.??"]
[Round "?.5"]
[White "Mann, Christian"]
[Black "Borik, Otto"]
[Result "0-1"]
[WhiteElo "2445"]
[BlackElo "2400"]
[PlyCount "80"]
[EventDate "1995.10.??"]
[EventType "team"]
[EventRounds "15"]
[EventCountry "GER"]
[SourceTitle "Bundesliga 9596"]
[Source "DeepChess"]
[SourceDate "2005.01.01"]
[SourceVersion "1"]
[SourceVersionDate "2005.01.01"]
[SourceQuality "1"]
[WhiteTeam "SK Zaehringen 1921"]
[BlackTeam "Delmenhorster SK 1931"]
[WhiteTeamCountry "GER"]
[BlackTeamCountry "GER"]

1. e4 e6 2. d4 d5 3. Nd2 Nf6 4. e5 Nfd7 5. Bd3 c5 6. c3 Nc6 7. Ne2 cxd4 8. cxd4
Nb6 9. O-O Bd7 10. f4 g6 11. Nf3 Be7 12. a3 a5 13. g4 a4 14. Ng3 Nc4 15. f5 Qb6
16. Bxc4 dxc4 17. f6 Bd8 18. Rf2 Na5 19. Bd2 Nb3 20. Rc1 Nxc1 21. Qxc1 Bc6 22.
Qxc4 Bd5 23. Qc3 Qb3 24. Qxb3 axb3 25. Ng5 Bb6 26. Bc3 O-O 27. N5e4 Rfc8 28.
Kf1 Rc4 29. Rd2 Raa4 30. Nd6 Rxd4 31. Bxd4 Rxd4 32. Ke2 Bf3+ 33. Kxf3 Rxd2 34.
Nc4 Rf2+ 35. Ke4 Bc5 36. Kd3 b5 37. Nd2 Rxh2 38. Nxb3 Rh3 39. Nxc5 Rxg3+ 40.
Kd4 Rxg4+ 0-1

[Event "Bundesliga 9596"]
[Site "Deutschland"]
[Date "1996.??.??"]
[Round "?.6"]
[White "Breutigam, Martin"]
[Black "Brendel, Oliver"]
[Result "0-1"]
[WhiteElo "2340"]
[BlackElo "2375"]
[PlyCount "92"]
[EventDate "1995.10.??"]
[EventType "team"]
[EventRounds "15"]
[EventCountry "GER"]
[SourceTitle "Bundesliga 9596"]
[Source "DeepChess"]
[SourceDate "2005.01.01"]
[SourceVersion "1"]
[SourceVersionDate "2005.01.01"]
[SourceQuality "1"]
[WhiteTeam "Delmenhorster SK 1931"]
[BlackTeam "SK Zaehringen 1921"]
[WhiteTeamCountry "GER"]
[BlackTeamCountry "GER"]

1. d4 g6 2. c4 Nf6 3. Nc3 Bg7 4. Nf3 O-O 5. e3 d6 6. Be2 Nc6 7. d5 Nb4 8. a3
Na6 9. Nd4 e5 10. Nc2 Nc5 11. b4 Nb3 12. Rb1 Nxc1 13. Rxc1 Nd7 14. O-O f5 15.
Na4 a5 16. c5 axb4 17. Nxb4 dxc5 18. Nxc5 Nxc5 19. Rxc5 e4 20. Qb3 Kh8 21. Rfc1
Be5 22. a4 f4 23. exf4 Bxf4 24. Qb2+ Qf6 25. Qxf6+ Rxf6 26. Ra1 Be5 27. Ra2 Bd4
28. Rxc7 Rxf2 29. Rc4 Ba7 30. Kh1 Bg4 31. Rxe4 Bxe2 32. h4 Rf1+ 33. Kh2 Bb8+
34. g3 Bf3 35. Re8+ Kg7 36. Kh3 Rh1+ 37. Rh2 Rxh2+ 38. Kxh2 Bxg3+ 39. Kxg3 Rxe8
40. Kxf3 Kf6 41. Nd3 Ra8 42. Nc5 Ke5 43. Nd7+ Kd6 44. Nb6 Ra6 45. a5 Rxb6 46.
axb6 Kxd5 0-1

[Event "Bundesliga 9596"]
[Site "Deutschland"]
[Date "1996.??.??"]
[Round "?.7"]
[White "Schmaltz, Roland"]
[Black "Wesseln, Kai"]
[Result "1-0"]
[WhiteElo "2455"]
[BlackElo "2355"]
[PlyCount "91"]
[EventDate "1995.10.??"]
[EventType "team"]
[EventRounds "15"]
[EventCountry "GER"]
[SourceTitle "Bundesliga 9596"]
[Source "DeepChess"]
[SourceDate "2005.01.01"]
[SourceVersion "1"]
[SourceVersionDate "2005.01.01"]
[SourceQuality "1"]
[WhiteTeam "SK Zaehringen 1921"]
[BlackTeam "Delmenhorster SK 1931"]
[WhiteTeamCountry "GER"]
[BlackTeamCountry "GER"]

1. e4 c5 2. Nf3 Nc6 3. d4 cxd4 4. Nxd4 g6 5. Nb3 Bg7 6. Be2 Nf6 7. Nc3 O-O 8.
O-O a5 9. a4 Nb4 10. Re1 d5 11. exd5 Nbxd5 12. Nxd5 Nxd5 13. c3 e6 14. Bf3 Qb6
15. Bxd5 exd5 16. Be3 Qc6 17. Bd4 Be6 18. Bxg7 Kxg7 19. Nd4 Qb6 20. Qd2 Rae8
21. h4 Bd7 22. h5 Qf6 23. h6+ Kg8 24. b3 Re4 25. Rxe4 dxe4 26. Qe3 Re8 27. Rd1
g5 28. Nc2 Bc6 29. Qc5 Qxh6 30. Rd6 Re6 31. Rxe6 Qxe6 32. Qxg5+ Kf8 33. Nd4 Qd5
34. Nf5 Qe5 35. Qh6+ Ke8 36. Qxh7 Qf6 37. Nd4 Bd5 38. Qh5 Be6 39. Qb5+ Kf8 40.
Qxb7 Qg6 41. Qb8+ Kg7 42. Qe5+ Kf8 43. Qd6+ Ke8 44. Nb5 Bd7 45. Qxg6 fxg6 46.
Nd6+ 1-0

[Event "Bundesliga 9596"]
[Site "Deutschland"]
[Date "1996.??.??"]
[Round "?.8"]
[White "Lauber, Arnd"]
[Black "Vatter, Hans Joachim"]
[Result "1-0"]
[WhiteElo "2355"]
[BlackElo "2350"]
[PlyCount "117"]
[EventDate "1995.10.??"]
[EventType "team"]
[EventRounds "15"]
[EventCountry "GER"]
[SourceTitle "Bundesliga 9596"]
[Source "DeepChess"]
[SourceDate "2005.01.01"]
[SourceVersion "1"]
[SourceVersionDate "2005.01.01"]
[SourceQuality "1"]
[WhiteTeam "Delmenhorster SK 1931"]
[BlackTeam "SK Zaehringen 1921"]
[WhiteTeamCountry "GER"]
[BlackTeamCountry "GER"]

1. d4 Nf6 2. c4 d6 3. Nc3 Nbd7 4. e4 e5 5. Nf3 g6 6. Be2 Bg7 7. O-O O-O 8. Re1
c6 9. Bf1 Ng4 10. h3 exd4 11. Nxd4 Qb6 12. Qxg4 Bxd4 13. Qe2 Nc5 14. Bh6 Re8
15. Qd2 Be5 16. Rad1 Be6 17. Kh1 Rad8 18. f4 Bf6 19. f5 Bc8 20. b4 Nd7 21. Na4
Qc7 22. Bg5 Bxg5 23. Qxg5 f6 24. Qf4 gxf5 25. exf5 Ne5 26. Nc3 Kh8 27. Ne4 Qe7
28. Re2 Nxc4 29. Nxd6 Ne5 30. Red2 Rf8 31. a3 b6 32. Qe4 Qc7 33. Qf4 Qe7 34.
Be2 Rd7 35. Bc4 Rdd8 36. Qe4 Qc7 37. Qf4 Qe7 38. Qe4 Qc7 39. Be6 Bd7 40. Nf7+
Nxf7 41. Rxd7 Ng5 42. Qe3 Rxd7 43. Rxd7 Qe5 44. Qxe5 fxe5 45. Rxa7 e4 46. Re7
c5 47. bxc5 bxc5 48. Bc4 h6 49. a4 Ra8 50. Bb5 Kg8 51. h4 Kf8 52. f6 Nf7 53.
Bc4 Nd6 54. Bd5 Rc8 55. Rh7 Ke8 56. Be6 Kd8 57. Rh8+ Kc7 58. Rxc8+ Nxc8 59. f7
1-0

[Event "Bundesliga 9596"]
[Site "Deutschland"]
[Date "1996.??.??"]
[Round "?.1"]
[White "King, Daniel J"]
[Black "Rogers, Ian"]
[Result "1-0"]
[WhiteElo "2510"]
[BlackElo "2580"]
[PlyCount "85"]
[EventDate "1995.10.??"]
[EventType "team"]
[EventRounds "15"]
[EventCountry "GER"]
[SourceTitle "Bundesliga 9596"]
[Source "DeepChess"]
[SourceDate "2005.01.01"]
[SourceVersion "1"]
[SourceVersionDate "2005.01.01"]
[SourceQuality "1"]
[WhiteTeam "SV Castrop Rauxel 1923"]
[BlackTeam "Delmenhorster SK 1931"]
[WhiteTeamCountry "GER"]
[BlackTeamCountry "GER"]

1. c4 c5 2. Nf3 g6 3. d4 cxd4 4. Nxd4 Bg7 5. e4 Nc6 6. Be3 Nf6 7. Nc3 Ng4 8.
Qxg4 Nxd4 9. Qd1 e5 10. Bd3 O-O 11. O-O d6 12. a4 Be6 13. Nb5 a6 14. Nxd4 exd4
15. Bd2 Rc8 16. Qb3 Qd7 17. a5 Rc5 18. Qa4 Qe7 19. Rfe1 Rfc8 20. b3 Rh5 21. Bf4
g5 22. Bg3 g4 23. Qb4 Rcc5 24. Rad1 Be5 25. Bf1 Bc8 26. Rd3 Qf6 27. Bxe5 Rcxe5
28. Qd2 Rxa5 29. g3 Be6 30. Rxd4 Rh6 31. Rxd6 Rah5 32. h4 gxh3 33. Kh2 Kg7 34.
f4 Qe7 35. Qd4+ Qf6 36. Qd2 Qe7 37. Qd4+ Qf6 38. e5 Qe7 39. Be2 b5 40. Bxh5
Rxh5 41. c5 Qc7 42. g4 Qa5 43. gxh5 1-0

[Event "Bundesliga 9596"]
[Site "Deutschland"]
[Date "1996.??.??"]
[Round "?.2"]
[White "Stohl, Igor"]
[Black "Hoffmann, Michael"]
[Result "1-0"]
[WhiteElo "2515"]
[BlackElo "2460"]
[PlyCount "71"]
[EventDate "1995.10.??"]
[EventType "team"]
[EventRounds "15"]
[EventCountry "GER"]
[SourceTitle "Bundesliga 9596"]
[Source "DeepChess"]
[SourceDate "2005.01.01"]
[SourceVersion "1"]
[SourceVersionDate "2005.01.01"]
[SourceQuality "1"]
[WhiteTeam "Delmenhorster SK 1931"]
[BlackTeam "SV Castrop Rauxel 1923"]
[WhiteTeamCountry "GER"]
[BlackTeamCountry "GER"]

1. Nf3 c5 2. c4 Nf6 3. Nc3 e6 4. g3 b6 5. Bg2 Bb7 6. O-O Be7 7. d4 cxd4 8. Qxd4
d6 9. b3 O-O 10. Rd1 Nbd7 11. e4 a6 12. Ba3 Nc5 13. e5 dxe5 14. Qxd8 Rfxd8 15.
Nxe5 Bxg2 16. Kxg2 Rdc8 17. Na4 Rab8 18. Bxc5 bxc5 19. Rd3 Rb7 20. f4 g6 21. g4
Rcc7 22. Rad1 Kf8 23. g5 Nh5 24. Kf3 Ke8 25. Nc3 f6 26. gxf6 Nxf6 27. Ne4 Nxe4
28. Kxe4 a5 29. Rh3 Bf8 30. Ng4 Rf7 31. Rxh7 Rxh7 32. Nf6+ Ke7 33. Nxh7 Bg7 34.
Rg1 a4 35. Rxg6 Bb2 36. Rg3 1-0

[Event "Bundesliga 9596"]
[Site "Deutschland"]
[Date "1996.??.??"]
[Round "?.3"]
[White "Watson, William N"]
[Black "Beckemeier, Werner"]
[Result "1-0"]
[WhiteElo "2530"]
[BlackElo "2375"]
[PlyCount "69"]
[EventDate "1995.10.??"]
[EventType "team"]
[EventRounds "15"]
[EventCountry "GER"]
[SourceTitle "Bundesliga 9596"]
[Source "DeepChess"]
[SourceDate "2005.01.01"]
[SourceVersion "1"]
[SourceVersionDate "2005.01.01"]
[SourceQuality "1"]
[WhiteTeam "SV Castrop Rauxel 1923"]
[BlackTeam "Delmenhorster SK 1931"]
[WhiteTeamCountry "GER"]
[BlackTeamCountry "GER"]

1. e4 e5 2. Nf3 Nc6 3. Bb5 Nf6 4. O-O Nxe4 5. d4 Nd6 6. Bxc6 dxc6 7. dxe5 Nf5
8. Qxd8+ Kxd8 9. Nc3 Ke8 10. b3 Bb4 11. Ne4 b6 12. h3 Be6 13. c4 Rd8 14. g4 Nd4
15. Nxd4 Rxd4 16. Ng3 Rd3 17. Be3 Bc3 18. Rad1 Rxd1 19. Rxd1 Bxe5 20. f4 Bd6
21. Nh5 Bf8 22. f5 Bc8 23. Bf4 Bd6 24. Nxg7+ Kf8 25. Nh5 Ke7 26. f6+ Ke6 27.
Bxd6 cxd6 28. Re1+ Kd7 29. Re7+ Kd8 30. Rxf7 Re8 31. Ng7 Re4 32. Rf8+ Kc7 33.
Rxc8+ Kxc8 34. f7 Rf4 35. Nf5 1-0

[Event "Bundesliga 9596"]
[Site "Deutschland"]
[Date "1996.??.??"]
[Round "?.4"]
[White "Reefschlaeger, Helmut"]
[Black "Sehner, Norbert"]
[Result "0-1"]
[WhiteElo "2350"]
[BlackElo "2420"]
[PlyCount "122"]
[EventDate "1995.10.??"]
[EventType "team"]
[EventRounds "15"]
[EventCountry "GER"]
[SourceTitle "Bundesliga 9596"]
[Source "DeepChess"]
[SourceDate "2005.01.01"]
[SourceVersion "1"]
[SourceVersionDate "2005.01.01"]
[SourceQuality "1"]
[WhiteTeam "Delmenhorster SK 1931"]
[BlackTeam "SV Castrop Rauxel 1923"]
[WhiteTeamCountry "GER"]
[BlackTeamCountry "GER"]

1. e4 c5 2. f4 g6 3. d3 Nc6 4. Nf3 Bg7 5. g3 e6 6. c3 Nge7 7. Bg2 b6 8. O-O O-O
9. Be3 Bb7 10. Bf2 d6 11. Re1 Qd7 12. d4 cxd4 13. cxd4 b5 14. Nbd2 a5 15. e5
Nb4 16. Ne4 Bxe4 17. Rxe4 Rfc8 18. Re2 d5 19. a3 Nbc6 20. b3 Na7 21. Ne1 a4 22.
b4 Rc7 23. Nd3 Nac8 24. Nc5 Qc6 25. g4 Nb6 26. Qd3 Re8 27. Bh4 Nec8 28. Rf1 Nd7
29. Kh1 Ncb6 30. Ref2 Nxc5 31. dxc5 Nc4 32. Re2 Rd7 33. Rfe1 Kh8 34. Rd1 Qc7
35. g5 h5 36. Bf2 Kg8 37. Bd4 Qc6 38. Rc2 Rc8 39. Qf3 Kf8 40. Bf1 Ke8 41. Re1
Kd8 42. Bg2 Kc7 43. Rb1 Rb8 44. Rbc1 Qa6 45. Re1 Qc6 46. Rce2 Re8 47. Rc1 Rb8
48. Rc3 Re8 49. Qg3 Kc8 50. Qe1 Kc7 51. Rxc4 bxc4 52. b5 Qxb5 53. Rb2 Qa6 54.
Rb6 Qa8 55. Qb4 Bf8 56. Qb5 Rb8 57. Bc3 Rxb6 58. Ba5 Bxc5 59. Qxc5+ Qc6 60.
Bxb6+ Kb7 61. Qxc6+ Kxc6 0-1

[Event "Bundesliga 9596"]
[Site "Deutschland"]
[Date "1996.??.??"]
[Round "?.6"]
[White "Breutigam, Martin"]
[Black "Hennig, Dirk"]
[Result "1/2-1/2"]
[WhiteElo "2340"]
[BlackElo "2355"]
[PlyCount "163"]
[EventDate "1995.10.??"]
[EventType "team"]
[EventRounds "15"]
[EventCountry "GER"]
[SourceTitle "Bundesliga 9596"]
[Source "DeepChess"]
[SourceDate "2005.01.01"]
[SourceVersion "1"]
[SourceVersionDate "2005.01.01"]
[SourceQuality "1"]
[WhiteTeam "Delmenhorster SK 1931"]
[BlackTeam "SV Castrop Rauxel 1923"]
[WhiteTeamCountry "GER"]
[BlackTeamCountry "GER"]

1. b3 d5 2. Bb2 c6 3. e3 Nf6 4. f4 g6 5. Nf3 Bg7 6. Be2 O-O 7. O-O Bg4 8. a4
Nbd7 9. a5 Bxf3 10. Bxf3 Qc7 11. a6 b6 12. d4 Rac8 13. c4 Ne4 14. Bxe4 dxe4 15.
Nc3 f5 16. Ra2 Nf6 17. h3 Qd7 18. Kh2 Rfd8 19. Ba1 b5 20. Qe2 Rb8 21. Rd1 e6
22. g4 bxc4 23. bxc4 Qc7 24. g5 Nh5 25. Qf2 Rb4 26. Ra4 Rdb8 27. Rxb4 Rxb4 28.
Qa2 Nxf4 29. exf4 Qxf4+ 30. Kh1 e3 31. Qh2 Qxh2+ 32. Kxh2 Rxc4 33. Ne2 Rc2 34.
Re1 c5 35. Kg3 Ra2 36. Kf3 Rxa6 37. Kxe3 Ra3+ 38. Kf4 Kf7 39. Rb1 cxd4 40. Rb7+
Kg8 41. Rb8+ Kf7 42. Rb7+ Kg8 43. Bxd4 e5+ 44. Bxe5 Ra4+ 45. Nd4 Rxd4+ 46. Bxd4
Bxd4 47. Rd7 Bc3 48. h4 a5 49. Rd3 Bb2 50. Rb3 Bd4 51. Rb5 Bc3 52. Rc5 Bb2 53.
Rxa5 h6 54. Ra8+ Kh7 55. Ra7+ Bg7 56. Rd7 Kg8 57. gxh6 Bxh6+ 58. Ke5 Bg7+ 59.
Ke6 Bc3 60. Rc7 Bd4 61. Rc4 Bb2 62. Rc2 Bd4 63. Rg2 Kh7 64. Kf7 Kh6 65. Rxg6+
Kh5 66. Rg5+ Kxh4 67. Rxf5 Kg4 68. Ke6 Kg3 69. Kd5 Bb6 70. Ke4 Kg2 71. Rf3 Bc7
72. Ke3 Bb6+ 73. Ke2 Bc7 74. Rf7 Be5 75. Rf5 Bc7 76. Rg5+ Kh1 77. Kf2 Bb6+ 78.
Kg3 Bc7+ 79. Kf3 Bb8 80. Rg2 Bc7 81. Kf2 Bb6+ 82. Kf1 1/2-1/2

[Event "Bundesliga 9596"]
[Site "Deutschland"]
[Date "1996.??.??"]
[Round "?.7"]
[White "Hermesmann, Hans"]
[Black "Schlemermeyer, Wilhelm"]
[Result "1-0"]
[WhiteElo "2280"]
[BlackElo "2345"]
[PlyCount "57"]
[EventDate "1995.10.??"]
[EventType "team"]
[EventRounds "15"]
[EventCountry "GER"]
[SourceTitle "Bundesliga 9596"]
[Source "DeepChess"]
[SourceDate "2005.01.01"]
[SourceVersion "1"]
[SourceVersionDate "2005.01.01"]
[SourceQuality "1"]
[WhiteTeam "SV Castrop Rauxel 1923"]
[BlackTeam "Delmenhorster SK 1931"]
[WhiteTeamCountry "GER"]
[BlackTeamCountry "GER"]

1. d4 Nf6 2. c4 e6 3. Nc3 d5 4. cxd5 exd5 5. Bg5 Be7 6. e3 c6 7. Bd3 Nbd7 8.
Qc2 O-O 9. Nf3 Re8 10. O-O Nf8 11. h3 g6 12. Ne5 Nh5 13. Bh6 Bd6 14. Nf3 f5 15.
Ne2 Qf6 16. Ng5 Ne6 17. f4 Nc7 18. Rf3 Qe7 19. g4 fxg4 20. Bxg6 Nf6 21. Rg3 Be6
22. Bxe8 Rxe8 23. Nxe6 Qxe6 24. Kh2 Ne4 25. Rxg4+ Kf7 26. Rg7+ Kf6 27. Rag1 Qf5
28. Nc3 Nxc3 29. Rf7+ 1-0

[Event "Bundesliga 9596"]
[Site "Deutschland"]
[Date "1996.??.??"]
[Round "?.8"]
[White "Lauber, Arnd"]
[Black "Hille, Ralph Ingo"]
[Result "1-0"]
[WhiteElo "2355"]
[BlackElo "2260"]
[PlyCount "164"]
[EventDate "1995.10.??"]
[EventType "team"]
[EventRounds "15"]
[EventCountry "GER"]
[SourceTitle "Bundesliga 9596"]
[Source "DeepChess"]
[SourceDate "2005.01.01"]
[SourceVersion "1"]
[SourceVersionDate "2005.01.01"]
[SourceQuality "1"]
[WhiteTeam "Delmenhorster SK 1931"]
[BlackTeam "SV Castrop Rauxel 1923"]
[WhiteTeamCountry "GER"]
[BlackTeamCountry "GER"]

1. d4 d5 2. c4 Bf5 3. Nf3 e6 4. Nc3 Nc6 5. Bf4 Nf6 6. e3 a6 7. Rc1 Be7 8. cxd5
exd5 9. Be2 Ne4 10. O-O O-O 11. Na4 g5 12. Bg3 Re8 13. Nd2 Nxg3 14. hxg3 Bd6
15. Nc5 Bc8 16. Bf3 Ne7 17. e4 c6 18. exd5 cxd5 19. Re1 b6 20. Na4 Be6 21. Qb3
Rb8 22. Be2 Nf5 23. Qd3 Qf6 24. Nb3 Bb4 25. Red1 Bd7 26. Bg4 h5 27. Bxf5 Qxf5
28. Qxf5 Bxf5 29. Nc3 Be6 30. a3 Be7 31. Nd2 Bf6 32. Nf1 b5 33. Ne3 Red8 34. b4
Kg7 35. Ne2 Rbc8 36. Rc5 Be7 37. Rxc8 Rxc8 38. Rc1 Rxc1+ 39. Nxc1 f5 40. Nb3 f4
41. gxf4 gxf4 42. Nd1 Bf6 43. Nc3 Kh6 44. Ne2 Kg5 45. f3 Kf5 46. Nc5 Bc8 47.
Kf1 h4 48. Ke1 Kg5 49. Nd3 Bf5 50. Kd2 Bxd3 51. Kxd3 Kf5 52. Nc1 Bd8 53. Nb3
Bb6 54. Kc3 Bc7 55. Kd3 Bb6 56. Kc3 Bc7 57. Kc2 Bb6 58. Kc3 Bc7 59. Nc5 a5 60.
Nb3 a4 61. Na5 Ke6 62. Nb7 Ke7 63. Kd3 Ke6 64. Kc3 Ke7 65. Nc5 Kd6 66. Nd3 Ke6
67. Nc1 Kf6 68. Ne2 Ke6 69. Kd2 Kd7 70. Ke1 Bb6 71. Nxf4 Bxd4 72. Nxd5 Bb2 73.
Nf4 Bxa3 74. Nd3 Bb2 75. Nxb2 a3 76. Nd3 Kc6 77. Nc1 Kd5 78. Kd2 Kc4 79. f4
Kxb4 80. f5 Kc5 81. Ke3 b4 82. f6 Kd6 1-0

[Event "Bundesliga 9596"]
[Site "Deutschland"]
[Date "1996.??.??"]
[Round "?.1"]
[White "Rogers, Ian"]
[Black "Lobron, Eric"]
[Result "1/2-1/2"]
[WhiteElo "2580"]
[BlackElo "2590"]
[PlyCount "37"]
[EventDate "1995.10.??"]
[EventType "team"]
[EventRounds "15"]
[EventCountry "GER"]
[SourceTitle "Bundesliga 9596"]
[Source "DeepChess"]
[SourceDate "2005.01.01"]
[SourceVersion "1"]
[SourceVersionDate "2005.01.01"]
[SourceQuality "1"]
[WhiteTeam "Delmenhorster SK 1931"]
[BlackTeam "SV Empor Berlin e.V."]
[WhiteTeamCountry "GER"]
[BlackTeamCountry "GER"]

1. d4 Nf6 2. c4 e6 3. Nc3 Bb4 4. e3 O-O 5. Bd3 d5 6. Nf3 c5 7. O-O dxc4 8. Bxc4
Bd7 9. Qe2 Qe7 10. Rd1 Bc6 11. Ne5 Rd8 12. a3 Ba5 13. h3 Bd5 14. Nxd5 exd5 15.
Ba2 Bc7 16. b3 Bxe5 17. dxe5 Qxe5 18. Bb2 Qe7 19. Qb5 1/2-1/2

[Event "Bundesliga 9596"]
[Site "Deutschland"]
[Date "1996.??.??"]
[Round "?.2"]
[White "Luther, Thomas"]
[Black "Stohl, Igor"]
[Result "1/2-1/2"]
[WhiteElo "2535"]
[BlackElo "2515"]
[PlyCount "72"]
[EventDate "1995.10.??"]
[EventType "team"]
[EventRounds "15"]
[EventCountry "GER"]
[SourceTitle "Bundesliga 9596"]
[Source "DeepChess"]
[SourceDate "2005.01.01"]
[SourceVersion "1"]
[SourceVersionDate "2005.01.01"]
[SourceQuality "1"]
[WhiteTeam "SV Empor Berlin e.V."]
[BlackTeam "Delmenhorster SK 1931"]
[WhiteTeamCountry "GER"]
[BlackTeamCountry "GER"]

1. e4 e5 2. Nf3 Nc6 3. Bb5 a6 4. Ba4 Nf6 5. O-O Be7 6. Re1 b5 7. Bb3 O-O 8. c3
d6 9. h3 Re8 10. d4 Bb7 11. Nbd2 Bf8 12. a4 h6 13. Bc2 exd4 14. cxd4 Nb4 15.
Bb1 c5 16. d5 Nd7 17. Ra3 f5 18. Nh2 Nf6 19. g4 fxe4 20. g5 hxg5 21. Nxe4 Bxd5
22. Bxg5 Bxe4 23. Bxe4 d5 24. Bg6 Rxe1+ 25. Qxe1 Qd6 26. Bxf6 Qxf6 27. Qb1 Bd6
28. Ng4 Qg5 29. axb5 c4 30. Rf3 Rf8 31. Bh7+ Kh8 32. Rxf8+ Bxf8 33. b6 Nc6 34.
b7 Bd6 35. Bc2 Ne5 36. Qd1 d4 1/2-1/2

[Event "Bundesliga 9596"]
[Site "Deutschland"]
[Date "1996.??.??"]
[Round "?.4"]
[White "Tischbierek, Raj"]
[Black "Hermann, Manfred"]
[Result "0-1"]
[WhiteElo "2490"]
[BlackElo "2385"]
[PlyCount "108"]
[EventDate "1995.10.??"]
[EventType "team"]
[EventRounds "15"]
[EventCountry "GER"]
[SourceTitle "Bundesliga 9596"]
[Source "DeepChess"]
[SourceDate "2005.01.01"]
[SourceVersion "1"]
[SourceVersionDate "2005.01.01"]
[SourceQuality "1"]
[WhiteTeam "SV Empor Berlin e.V."]
[BlackTeam "Delmenhorster SK 1931"]
[WhiteTeamCountry "GER"]
[BlackTeamCountry "GER"]

1. e4 e5 2. Nc3 Nf6 3. g3 d5 4. exd5 Nxd5 5. Bg2 Nxc3 6. bxc3 Bd6 7. Ne2 O-O 8.
O-O c6 9. Rb1 Qc7 10. d3 Be6 11. c4 Nd7 12. f4 Bg4 13. f5 f6 14. Qe1 Bxe2 15.
Qxe2 Nc5 16. Bd2 Rfe8 17. Kh1 Na4 18. Qh5 Nc5 19. Be3 Nd7 20. g4 Bc5 21. Bd2
Bf8 22. Rf3 h6 23. Rff1 Rad8 24. Be3 e4 25. Bxe4 Nc5 26. Bxc5 Bxc5 27. Rbe1 Re7
28. g5 hxg5 29. Rf3 Qa5 30. Ref1 Rde8 31. Rh3 Rxe4 32. dxe4 Rxe4 33. Qh8+ Kf7
34. Qc8 Re1 35. Qxb7+ Be7 36. Rhf3 g4 37. R3f2 Qe5 38. Qxc6 Bc5 39. Qe6+ Qxe6
40. fxe6+ Rxe6 41. Rf5 Rc6 42. Rg5 g6 43. Rxg4 f5 44. Rg3 Re6 45. Rb1 Re4 46.
Rb7+ Kf6 47. Rc7 Rxc4 48. c3 g5 49. Rc6+ Ke5 50. Rxg5 Rxc3 51. Rgg6 Ke4 52. Kg2
Rc2+ 53. Kf1 f4 54. Ke1 Rc1+ 0-1

[Event "Bundesliga 9596"]
[Site "Deutschland"]
[Date "1996.??.??"]
[Round "?.5"]
[White "Borik, Otto"]
[Black "Volke, Karsten"]
[Result "1-0"]
[WhiteElo "2400"]
[BlackElo "2470"]
[PlyCount "87"]
[EventDate "1995.10.??"]
[EventType "team"]
[EventRounds "15"]
[EventCountry "GER"]
[SourceTitle "Bundesliga 9596"]
[Source "DeepChess"]
[SourceDate "2005.01.01"]
[SourceVersion "1"]
[SourceVersionDate "2005.01.01"]
[SourceQuality "1"]
[WhiteTeam "Delmenhorster SK 1931"]
[BlackTeam "SV Empor Berlin e.V."]
[WhiteTeamCountry "GER"]
[BlackTeamCountry "GER"]

1. d4 Nf6 2. Nf3 g6 3. c4 Bg7 4. Nc3 O-O 5. e4 d6 6. Be2 e5 7. O-O Nc6 8. d5
Ne7 9. Ne1 Nd7 10. Be3 f5 11. f3 f4 12. Bf2 g5 13. a4 Ng6 14. a5 Rf7 15. Nd3
Bf8 16. a6 bxa6 17. Nb4 g4 18. fxg4 Rg7 19. Nc6 Qg5 20. Qe1 Ne7 21. Nxa7 Bb7
22. b4 Qg6 23. Bf3 Nf6 24. Qe2 h5 25. gxh5 Nxh5 26. Rfb1 Rh7 27. b5 Ng3 28.
hxg3 fxg3 29. Be3 Rh4 30. Qe1 Bh6 31. bxa6 Bxa6 32. Rxa6 Rf8 33. Bxh6 Rh1+ 34.
Kxh1 Qxh6+ 35. Kg1 Rxf3 36. gxf3 Qh2+ 37. Kf1 g2+ 38. Ke2 g1=Q+ 39. Kd1 Qd4+
40. Kc1 Qxc4 41. Nab5 c6 42. dxc6 Nxc6 43. Rb2 Qh3 44. Qg1+ 1-0